La galaxia Internet /
Internet es el medio de comunicación esencial de la era de la información. Por primera vez en la historia, este instrumento permite la comunicación instantánea de muchos a muchos y ha influido en nuestra forma de trabajar, informarnos, relacionarnos, aprender y vivir. Castells se aproxima, en esta o...
Gorde:
| Egile nagusia: | |
|---|---|
| Formatua: | Liburua |
| Hizkuntza: | gaztelania |
| Argitaratua: |
Barcelona, España :
Plaza y Janés,
2001, c2001
|
| Saila: | (Areté)
|
| Gaiak: | |
| Etiketak: |
Etiketarik gabe, Izan zaitez lehena erregistro honi etiketa jartzen!
|
MARC
| LEADER | 00000nam^a2200000^a^4500 | ||
|---|---|---|---|
| 001 | 000156981 | ||
| 005 | 20250521000000.0 | ||
| 009 | 20260310100521.903 | ||
| 020 | |a 84-01-34157-4 | ||
| 037 | |a Acervo ITESO - Biblioteca | ||
| 041 | |a ESP | ||
| 082 | |a 302. 23701 |b CAS | ||
| 100 | |a Castells, Manuel |e (autor) | ||
| 245 | 1 | 3 | |a La galaxia Internet / |c M. Castells ; tr. por Raúl Quintana. |
| 264 | 4 | |a Barcelona, España : |b Plaza y Janés, |c 2001, c2001 | |
| 300 | |a 316 p. | ||
| 336 | |a texto |b txt |2 rdacontenido | ||
| 337 | |a sin mediación |b n |2 rdamedio | ||
| 338 | |a volumen |b nc |2 rdasoporte | ||
| 440 | 1 | |a (Areté) | |
| 520 | |a Internet es el medio de comunicación esencial de la era de la información. Por primera vez en la historia, este instrumento permite la comunicación instantánea de muchos a muchos y ha influido en nuestra forma de trabajar, informarnos, relacionarnos, aprender y vivir. Castells se aproxima, en esta obra, a este medio comunicación novedoso y busca dar algunas pistas sobre los inminentes y posibles efectos sobre la sociedad, la empresa y la vida cotidiana de los individuos contemporáneos. | ||
| 521 | |a 2012 BO Licenciatura en Ciencias de la Comunicación | ||
| 649 | |a XX | ||
| 650 | |a Internet - |x Historia | ||
| 650 | |a Internet - |x Aspectos Sociales y Culturales | ||
| 650 | |a Internet - |x Aspectos Económicos | ||
| 650 | |a Negocios en Internet | ||
| 650 | |a Redes de Computadoras | ||
| 650 | |a Comunicación en Red | ||
| 650 | |a Telecomunicaciones | ||
| 650 | |a Multimedia | ||
| 650 | |a Tecnologías de Comunicación e Información | ||
| 650 | |a Multimedia | ||
| 650 | |a Comunicación Masiva | ||
| 650 | |a Comunicación y Política | ||
| 650 | |a Libertad | ||
| 650 | |a Derecho a la Intimidad | ||
| 650 | |a Geopolítica | ||
| 650 | |a Economía Internacional | ||
| 650 | |a Desarrollo Tecnológico | ||
| 650 | |a Cambios Sociales y Culturales | ||
| 650 | |a Sociedad Postindustrial | ||
| 650 | |a Sociedad Civil | ||
| 650 | |a Sociología de la Comunicación | ||
| 910 | |a Fondo General | ||
| 920 | |a Impresos - Libros | ||
| 930 | |a Colección General | ||
| 905 | |a 101 | ||
| 901 | |a 0500085577 |b IT1 |c ACC |u 20250521 | ||
| 902 | |a https://opac.biblio.iteso.mx/vufind/Record/000156981 | ||